<?xml version="1.0" encoding="UTF-8"?>
<marc:record xmlns:marc="http://www.loc.gov/MARC21/slim">
   <marc:leader>00000nam a2200000 a 4500</marc:leader>
   <marc:datafield ind1="1" ind2=" " tag="100">
      <marc:subfield code="a">Preis, Robert J.</marc:subfield>
      <marc:subfield code="4">aut</marc:subfield>
      <marc:subfield code="e">Verfasser/-in</marc:subfield>
   </marc:datafield>
   <marc:datafield ind1=" " ind2=" " tag="653">
      <marc:subfield code="a">Schatzkarte</marc:subfield>
   </marc:datafield>
   <marc:datafield ind1=" " ind2=" " tag="653">
      <marc:subfield code="a">Unheimliche Begegnungen</marc:subfield>
   </marc:datafield>
   <marc:datafield ind1=" " ind2=" " tag="653">
      <marc:subfield code="a">Abenteuer</marc:subfield>
   </marc:datafield>
   <marc:datafield ind1=" " ind2=" " tag="653">
      <marc:subfield code="a">Pforte</marc:subfield>
   </marc:datafield>
   <marc:datafield ind1="0" ind2="0" tag="245">
      <marc:subfield code="a">Die Büchermagier</marc:subfield>
   </marc:datafield>
   <marc:datafield ind1="0" ind2="0" tag="245">
      <marc:subfield code="b">Die geheime Pforte</marc:subfield>
   </marc:datafield>
   <marc:datafield ind1="0" ind2="0" tag="245">
      <marc:subfield code="c">Robert J. Preis</marc:subfield>
   </marc:datafield>
   <marc:datafield ind1=" " ind2="1" tag="264">
      <marc:subfield code="a">Graz</marc:subfield>
      <marc:subfield code="b">edition keiper</marc:subfield>
      <marc:subfield code="c">2025</marc:subfield>
   </marc:datafield>
   <marc:datafield ind1=" " ind2=" " tag="250">
      <marc:subfield code="a">1</marc:subfield>
   </marc:datafield>
   <marc:datafield ind1="1" ind2=" " tag="520">
      <marc:subfield code="a">Unheimliche Besucher fordern von Kajetan Knapp die Herausgabe einer rätselhaften Schatzkarte, auf der eine geheime Pforte eingezeichnet sein soll. Der Buchhändlerlehrling hört zum ersten Mal von dieser Karte und entkommt den Fremden nur in höchster Not. Inzwischen wird  Almas Dorf im Wald von Drachen angegriffen. Sie eilt in die Stadt, um Kajetan zu bitten, ihr zu helfen. Doch auch sie wird von einer finsteren Bestie verfolgt. Letztlich muss Kajetan sich entscheiden. Wem hilft er zuerst? Folgt er Alma, dem Mädchen, dem sein Herz gehört? Oder begibt er sich auf die Suche nach der mysteriösen Pforte und lässt sich dabei von der Schrift seines geliebten Großvaters führen?</marc:subfield>
   </marc:datafield>
   <marc:datafield ind1=" " ind2=" " tag="020">
      <marc:subfield code="a">9783903575608</marc:subfield>
      <marc:subfield code="9">9783903575608</marc:subfield>
   </marc:datafield>
   <marc:datafield ind1=" " ind2=" " tag="020">
      <marc:subfield code="a">3903575607</marc:subfield>
      <marc:subfield code="9">3903575607</marc:subfield>
   </marc:datafield>
   <marc:datafield ind1=" " ind2=" " tag="300">
      <marc:subfield code="a">324 S.</marc:subfield>
   </marc:datafield>
</marc:record>
